MDQL
is popping MORE tags! Check the
thread
!
Quizzes
Events
Quiz Creation
Community
Videos
Private Events
Remove Ads
Sign In
Join for FREE
Feedback
Dark Mode
Quiz Categories
Sports
Geography
Music
Movies
Television
Just For Fun
Miscellaneous
History
Literature
Language
Science
Gaming
Entertainment
Religion
Holiday
For Kids
Quiz Lab
Recent
Popular Today
Quiz Kudos Today
Editor Picks
Curator Picks
Quizzes by...
Day
Popularity
Type
Ratings
Length
Year
Community
Subscriptions
Recent Discussions
Orange Saloon
Badges
Playlists
Quests
Create
Leaderboards
Showdown
Live 5
Trivia Bingo
Activity
Puzzle Library
Sporcle Events
Private Events
Virtual Trivia
Globe League
Become a Host
Pub Owners
SporcleCon
Opinionation
Our Games
Videos
Blog
Mobile Apps
Partnerships
Remove Ads and Go Orange
Feedback
Television
TV Characters
TV Show
Sitcom
Network
Friends
Reality Shows
Cast
South Park
Star Trek
The Simpsons
Doctor Who
Television
TV Characters
TV Show
Sitcom
Network
Friends
Reality Shows
Cast
South Park
Star Trek
The Simpsons
Doctor Who
Random Quiz
Search Sporcle
×
Quiz Lab
Quiz Lab
Television
Big Brother
Type in answers that appear in a list
Type in answers that appear in a list
Classic
Best Score? Go Orange.
Big Brother (USA) Alliance Members Stats
Can you name the Big Brother (USA) Alliance Members?
By
5kryan
10m
19 Questions
455 Plays
455 Plays
455 Plays
Comments
Comments
Give Quiz Kudos
Give Quiz Kudos
-
- Ratings
hide this ad
Random Order
Randomize order of answers
Randomize order of answers
Replay
Link that replays current quiz
Next Quiz
Link to next quiz in quiz playlist
You Got
0%
They Got
Avg Score
50%
Avg Friend Score
Upgrade to see
Score Distribution
Jump to the score distribution portion of the page
Score
0/19
Timer
10:00
0
Plays Today
Hint
Answer
% Correct
Mike Boogie, Will
Chill Town
83.5%
Britney, Dan, Danielle, Shane, Ian
The Quack Pack
82.9%
Amber, Caleb, Christine, Cody, Devin, Derrick, Frankie, Hayden, Zach
Bomb Squad
78.7%
Matt, Hayden, Lane, Enzo
The Brigade
77.6%
Maggie, Eric, Ivette, Beau, April, Jennifer
The Friendship
68.8%
Dan, Memphis
The Renegades
64%
Cody, Derrick, Zach, Christine, Frankie
The Detonators
59.8%
Jordan, Jeff, Evel Dick, Daniele, Rachel, Brendon
The Veterans
58.7%
Andy, Amanda, Aaryn, McCrae
3 A.M.
58.2%
Drew, Cowboy, Scott, Jase
Four Horsemen
54.5%
Hint
Answer
% Correct
Kaysar, James, Howie, Rachel, Sarah, Janelle
Sovereign Six
48.8%
Britney, Shane, Mike Boogie, Frank, Dan, Danielle
Silent Six
45.7%
Amber, Daniele, Evel Dick, Dustin, Eric, Jameka, Jessica
Late Night Crew
39.6%
Danielle, James, Mike Boogie, Will
Legion of Doom
38.2%
Kail, Mike, Nick, Zach
Mrs. Robinson
36.9%
Sheila, Adam, Ryan, Natalie
Team Christ
25.1%
James, Jackie, Jason, Meg
The Goblins
20.4%
April, Libra, Keesha
The Coven
17.8%
Diane, Adria, Karen, Natalie, Nakomis, Will
Pinky Swear Alliance
9.7%
Quiz Playlist
Details
Report
Send in Message
Add To Playlist
Classic:
Type in answers that appear in a list
Random Order:
Randomize order of answers
Last Updated: Feb 16, 2017
Quiz Scoreboard
CHALLENGE
Sign Up to Join the Scoreboard
Show All
Scores
Hide
Comments
May contain spoilers
Recently Published
Colored Red Africa Blitz
by spor1
Geography
30s
Find the 'City' Movie
by crazypaving
Movies
60s
5x2 Blitz: Bands
by SL_Kpop136
Music
30s
More to Explore
Quiz From the Vault
Featured Blog Post
14 Easter Pick-up Lines to Find Eggs With
hide this ad
You Might Also Like...
Tags
Alliance
Big Brother
Brother
USA
Today's Top Quizzes in Television
Browse Television
hide this ad
Today's Top Quizzes in Big Brother
Browse Big Brother
Top Contributed Quizzes in Television
1
Survivor Journey Challenge
2
Brooklyn Nine Nine Logic Puzzle (How-To-Play)
3
Phoebe Buffay Quotes
4
One Tree Hill Logic Puzzle
5
Survivor Logic Puzzle: Heroes vs. Villains
6
Survivor Trivia
7
Game of Thrones: Tywin Lannister Start to Finish
8
All US Survivor Seasons in Order
9
Emmerdale Characters (from August 2012)
10
Survivor Trivia #6: Criteria Quiz!
Explore More
Trending Topics
Kpop
Disney
Crossword
NBA
Anime
Marvel
Harry Potter
WWE
Soccer
Song
NFL
Pokémon
Country
The Office
Puzzle
hide this ad
More By:
5kryan
Quiz
Plays
Rating
Category
Featured
Created
Big Brother (USA) Alliance Members
455
4.00
Television
Mar 24, 2016
Go to Creator's Profile
Score Distribution
Quiz Creator Spotlight
5kryan
Follow
Send a Message
Quizzes Created
-
Created Quiz Play Count
-
More By This Creator
Popular Quizzes Today
1
Find the 'City' Movie
2
5x2 Blitz: Bands
3
Colored Red Africa Blitz
4
Find the US States - No Outlines Minefield
5
The Countries of the World
6
Find the US States
7
9x9 Crossword: Cartoon Network
8
US States
More Television Quizzes
Game of Thrones: Alliser Thorne Start to Finish
Quiz Lab
Trending Quizzes
Colored Red Europe Blitz I
Colored Red Africa Blitz II
Colored Red Africa Blitz III
Colored Red Europe Blitz III
Colored Red Europe Blitz II
Recently Updated
Champions League XIs: Real Madrid
pecheneg
Largest US Cities 1790-2010
pecheneg
Rides in Walt Disney World
pecheneg
Most Oscar Losses (Acting)
pecheneg
Beyoncé Albums
pecheneg
Leaping Animals
pecheneg
Reality TV Shows (A-Z)
bhenderson79
Rickey Henderson's Hall of Fame Teammates
pecheneg
Champions League XIs: Arsenal
pecheneg
Quick Pick: Celebrities in WWE's Hall of Fame
aduchscher
Trending Topics
Anime
Disney
Harry Potter
Kpop
Crossword
Marvel
NBA
Puzzle
Song
NFL
The Office
Soccer
WWE
Country
Pokémon
Your Account Isn't Verified!
In order to create a playlist on Sporcle, you need to verify the email address you used during registration. Go to your
Sporcle Settings
to finish the process.
Report this User
Report this user for behavior that violates our
Community Guidelines
.
Details:
Send Report
Go to the Sporcle.com Mobile Site →
Comments